| 000 -LEADER |
| fixed length control field |
00409 a2200145 4500 |
| 003 - CONTROL NUMBER IDENTIFIER |
| control field |
OSt |
| 005 - DATE AND TIME OF LATEST TRANSACTION |
| control field |
20240117131247.0 |
| 008 - FIXED-LENGTH DATA ELEMENTS--GENERAL INFORMATION |
| fixed length control field |
240117b ||||| |||| 00| 0 eng d |
| 020 ## - INTERNATIONAL STANDARD BOOK NUMBER |
| International Standard Book Number |
9783869226132 |
| 082 ## - DEWEY DECIMAL CLASSIFICATION NUMBER |
| Classification number |
720.103 |
| Item number |
PAR |
| 100 ## - MAIN ENTRY--PERSONAL NAME |
| Personal name |
Pålsson, Karsten |
| 245 ## - TITLE STATEMENT |
| Title |
Public spaces and urbanity : construction and design manual : how to design humane cities |
| 260 ## - PUBLICATION, DISTRIBUTION, ETC. (IMPRINT) |
| Name of publisher, distributor, etc |
DOM Publishers |
| Date of publication, distribution, etc |
2017 |
| 942 ## - ADDED ENTRY ELEMENTS (KOHA) |
| Source of classification or shelving scheme |
|